Every family's guide to computers / (Record no. 343834)
[ view plain ]
| 000 -LEADER | |
|---|---|
| fixed length control field | 01004 a2200193 4500 |
| 020 ## - INTERNATIONAL STANDARD BOOK NUMBER | |
| International Standard Book Number | 1562763334 |
| 020 ## - INTERNATIONAL STANDARD BOOK NUMBER | |
| International Standard Book Number | 9781562763336 |
| 082 04 - DEWEY DECIMAL CLASSIFICATION NUMBER | |
| Classification number | 004.165 |
| 090 ## - LOCALLY ASSIGNED LC-TYPE CALL NUMBER (OCLC); LOCAL CALL NUMBER (RLIN) | |
| -- | 1311 |
| -- | 1311 |
| 100 1# - MAIN ENTRY--PERSONAL NAME | |
| Personal name | Steward, Winston. |
| 245 10 - TITLE STATEMENT | |
| Title | Every family's guide to computers / |
| Statement of responsibility, etc. | Winston Steward. |
| 260 ## - PUBLICATION, DISTRIBUTION, ETC. | |
| Place of publication, distribution, etc. | [S.l.] : |
| Name of publisher, distributor, etc. | Ziff Davis Pr, |
| Date of publication, distribution, etc. | 1995. |
| 300 ## - PHYSICAL DESCRIPTION | |
| Extent | 365 p. ; |
| Dimensions | 23 cm. |
| 500 ## - GENERAL NOTE | |
| General note | Paperback. |
| 520 ## - SUMMARY, ETC. | |
| Summary, etc. | Written specifically for families who have recently purchased a computer and want to know how to use it, this book discusses how current software can provide a dazzling new development in childhood education and the programs available. Readers will also learn quick and reliable troubleshooting tips for their hard drive, sound card, CD-ROM drive, printer, memory management and more. |
| 856 40 - ELECTRONIC LOCATION AND ACCESS | |
| Materials specified | Amazon.com |
| Uniform Resource Identifier | <a href="http://www.amazon.com/exec/obidos/ASIN/1562763334/chopaconline-20">http://www.amazon.com/exec/obidos/ASIN/1562763334/chopaconline-20</a> |
| 856 40 - ELECTRONIC LOCATION AND ACCESS | |
| Materials specified | Amazon customer reviews |
| Uniform Resource Identifier | <a href="http://www.chopac.org/cgi-bin/tools/azrev.pl?q=1562763334">http://www.chopac.org/cgi-bin/tools/azrev.pl?q=1562763334</a> |
| 942 ## - ADDED ENTRY ELEMENTS (KOHA) | |
| Institution code [OBSOLETE] | NBS |
| Koha item type | Book |
| Call number prefix | 004 STE |
| Withdrawn status | Lost status | Damaged status | Not for loan | Permanent Location | Current Location | Shelving location | Date acquired | Total Checkouts | Full call number | Barcode | Date last seen | Date last checked out | Price effective from | Koha item type |
|---|---|---|---|---|---|---|---|---|---|---|---|---|---|---|
| NUST Law School (NLS) | NUST Law School (NLS) | First Floor - Computer Science | 08/28/2013 | 1 | 004 STE | NBS794 | 11/22/2017 | 07/18/2017 | 08/28/2013 | Book |
